Statistics for Violent Crimes - Kanye West Lyrics

Click here to take the quiz!

General Stats

  • This quiz has been taken 260 times
  • The average score is 325 of 454

Answer Stats

HintAnswer% Correct
a
100%
I
99%
N---a
98%
n---a,
98%
N----s
98%
n----s
98%
to
96%
you
96%
You
96%
x2all
95%
All
95%
your
95%
in
93%
x2 | x3night
93%
do
92%
Don't
92%
don't
92%
know
92%
when
92%
be
91%
the
91%
want
90%
cry
88%
mom
88%
of
88%
hurry,
87%
is
87%
dreamin'
86%
it
85%
It
85%
up
85%
sleep
84%
worried,
84%
Fallin'
83%
he
83%
nights
83%
Will
83%
will
83%
monster
82%
No,
82%
no
82%
story,
82%
talkin'
82%
violent
82%
her
81%
savage,
81%
Then
81%
then
81%
for
80%
grow
80%
play,
80%
play
80%
part
79%
daughters,
78%
daughters
78%
me,
78%
me
78%
was
78%
scary
77%
even
76%
pimps,
76%
players
76%
x2players,
76%
heroes
75%
Thank
75%
defend
74%
They
74%
they
74%
glory,
73%
we
73%
go
72%
have
72%
remembered,
70%
and
69%
Not
69%
not
69%
reason
69%
monsters
68%
finding
67%
schemin'
67%
Nicki,
66%
see
66%
off
65%
as
64%
I'm
64%
now
64%
Now
64%
on
64%
she
64%
She
64%
us,
64%
us
64%
yoga,
64%
karate
63%
like
63%
Plottin'
63%
Father,
62%
x2colors
61%
colors,
61%
forgive
61%
that
61%
pilates
60%
stick
60%
women
60%
Promise
59%
just
58%
Just
58%
Reality
58%
somethin'
58%
'Til
58%
x2'til
58%
wearin'
58%
got
57%
make
57%
piano
57%
what
57%
come
56%
conquer
56%
x2drippin'
56%
hope
56%
nurture,
56%
scared
56%
upon
55%
pray
54%
'Cause
53%
problem?
53%
this
53%
am
52%
get
52%
gotta
52%
lie
52%
love
52%
wanna
52%
ass,
51%
daddy
51%
wearing
51%
again
50%
but
50%
But
50%
dress,
50%
pervs
50%
with
49%
at
48%
Curves
48%
x2dripping
48%
karma
48%
net
48%
bein'
47%
him
47%
whoop
47%
can
46%
havin'
46%
nuts
46%
yeah,
46%
baby,
45%
death
45%
mommy's
45%
move
45%
once
45%
under
45%
vomit
45%
behind
44%
comments,
44%
door
44%
put
44%
That's
44%
yesterday
44%
class
43%
moment
43%
precautious
43%
aw
42%
beat
42%
college
42%
devil
42%
friends
42%
mine
42%
repeat
42%
silence
42%
sin?
42%
through
42%
Blood
41%
dead,
41%
his
41%
how
41%
it's
41%
Martin
41%
say
41%
silly
41%
still
41%
cuttin'
40%
hangin'
40%
can't
39%
comprehend
39%
fact.
39%
more
39%
salty,
39%
Smith
39%
altar
38%
danger
38%
Matter
38%
Next,
38%
charges
37%
she'll
37%
ain't
36%
If
36%
Let's
36%
pajamas
36%
reminders
36%
break
35%
glass
35%
rebukin'
35%
scars,
35%
serve
35%
body's
33%
swear
33%
these
33%
times
33%
Meet
32%
I'll
31%
repaint
31%
wildest
31%
Fockers
29%
answered
28%
Minaj's,
26%
draped
25%
Marlon,
16%

Score Distribution

Percentile by Number Answered

Percent of People with Each Score

Your Score History

You have not taken this quiz